000 00398nam a2200145Ia 4500
008 240624s9999 xx 000 0 und d
041 _aeng
082 _a658.3125 ARM
100 _aARMSTRONG MICHAEL
245 _aARMSTRONG S HANDBOOK OF PERFORMANCE MANAGEMENT AN EVIDENC
250 _a(5th ed.)
260 _c2015
_aLondon
_bKogan Page
300 _axi, : 400 : p. : cm. ; 24
365 _cGBP
_b30
999 _c27524
_d27524